Stay frosty (Record no. 65476)

MARC details
000 -LEADER
fixed length control field 01646cam a2200241 4500
001 - CONTROL NUMBER
control field ABS63150
008 - FIXED-LENGTH DATA ELEMENTS--GENERAL INFORMATION
fixed length control field 000000n2000 000 0 eng u
035 ## - SYSTEM CONTROL NUMBER
System control number (Sirsi) u109678
100 ## - MAIN ENTRY--PERSONAL NAME
Personal name Bingham, T
245 ## - TITLE STATEMENT
Title Stay frosty
260 ## - PUBLICATION, DISTRIBUTION, ETC.
Date of publication, distribution, etc. 2000
490 ## - SERIES STATEMENT
Series statement Building
Volume/sequential designation 265(8163) 24 November 2000, 55(1)
520 ## - SUMMARY, ETC.
Summary, etc. Discusses the adjudicator's role in a fees dispute between Woods Hardwick, architect and engineer, and its client Chiltern Air Conditioning. Chiltern's representative was openly hostile to the adjudicator, and the adjudicator returned a similar sentiment. When the adjudicator ordered Chiltern to pay the architect's fees, Chiltern attacked the adjudicator claiming gross unfairness; the adjudicator had not reported evidence from the architect and two subcontractors, and had prevented Chiltern from presenting its case. The adjudicator's award was not enforced and the adjudicator was found in breach of the adjudication scheme; he had failed to inform Chiltern of relevant evidence and had formed an adverse opinion of Chiltern early in the proceedings which called into question his impartiality.
590 ## - LOCAL NOTE (RLIN)
Local note ABS
650 ## - SUBJECT ADDED ENTRY--TOPICAL TERM
Topical term or geographic name entry element BIAS
650 ## - SUBJECT ADDED ENTRY--TOPICAL TERM
Topical term or geographic name entry element IMPARTIALITY
650 ## - SUBJECT ADDED ENTRY--TOPICAL TERM
Topical term or geographic name entry element WITHHOLDING
650 ## - SUBJECT ADDED ENTRY--TOPICAL TERM
Topical term or geographic name entry element CHILTERN AIR CONDITIONING V WOODS HARDWICK
650 ## - SUBJECT ADDED ENTRY--TOPICAL TERM
Topical term or geographic name entry element MANAGEMENT-DISPUTE AVOIDANCE, MANAGEMENT AND RESOLUTION-DISPUTE MANAGEMENT AND RESOLUTION-ALTERNATIVE DISPUTE RESOLUTION-ADJUDICATION-ADJUDICATORS
650 ## - SUBJECT ADDED ENTRY--TOPICAL TERM
Topical term or geographic name entry element MANAGEMENT-DISPUTE AVOIDANCE, MANAGEMENT AND RESOLUTION-DISPUTE MANAGEMENT AND RESOLUTION-ALTERNATIVE DISPUTE RESOLUTION-ADJUDICATION
690 ## - LOCAL SUBJECT ADDED ENTRY--TOPICAL TERM (OCLC, RLIN)
Topical term or geographic name as entry element Dispute resolution
9 (RLIN) 6236
942 ## - ADDED ENTRY ELEMENTS (KOHA)
Suppress in OPAC 0
Holdings
Withdrawn status Lost status Source of classification or shelving scheme Damaged status Not for loan Home library Current library Shelving location Date acquired Total Checkouts Full call number Barcode Date last seen Copy number Price effective from Koha item type
    Dewey Decimal Classification     London London Journal article 04/12/2000   ABS63150 109678-1001 06/08/2019 1 06/08/2019 Journal article